| 000 | 01164nam a2200229Ia 4500 | ||
|---|---|---|---|
| 999 |
_c39346 _d39346 |
||
| 001 | 5933 | ||
| 003 | GE_BSU | ||
| 005 | 20190827125012.0 | ||
| 008 | 181216s1958||||ge |||||||||||||| ||geo|| | ||
| 040 | _cGE_BSU | ||
| 041 | _ageo | ||
| 080 | _a82-93 : 821.353.1-11 ა-13 | ||
| 100 |
_aაბაშიძე, ირაკლი _93740 |
||
| 245 |
_aრას გადაურჩა თბილისი : _b საყმაწვილო პოემა / _cირაკლი აბაშიძე ; რედ. ქ. ქუჩუკაშვილი ; მხატვ. ჯ. ყავლაშვილი. |
||
| 264 |
_aთბილისი : _bსაბავშვო და ახალგაზრდობის ლიტ. , სახელმწიფო გამ-ბა ; _c1958. |
||
| 300 |
_a57 გვ. ; _c29 სმ. |
||
| 653 | _aრას გადაურჩა თბილისი | ||
| 653 | _aსაყმაწვილო პოემა | ||
| 700 |
_aქუჩუკაშვილი, ქ. _eრედაქტორი _93796 |
||
| 700 |
_a ჯ. ყავლაშვილი _eმხატვარი _93797 |
||
| 942 |
_cBK _2udc |
||